• 首页
  • 本馆介绍
  • 公告通知
  • 最新文献
  • 馆藏检索
  • 电子资源
  • 读者导购
  • 参考咨询
  • 我的图书馆
  • 登录
  • 详细信息显示
  • 放入我的书架
  • 预约/预借图书
  • 作者相关作品
  • 分类相关作品
  • 丛书相关作品
  • 出版社相关作品

书目信息

  • 表格格式
  • 工作单格式
  • 卡片格式
题名:
鲁迅小说史大略
    
 
作者: 鲁迅 著
分册:  
出版信息: 西安   陕西人民出版社  1981
页数: 128页
开本: 19cm
丛书名: 鲁迅研究丛书
单 册:
中图分类: I210.91
科图分类:
主题词: 鲁迅著作-历史著作 , 历史著作-鲁迅著作
电子资源:
ISBN:
000 00801nam2 2200289 45
001 0181005917
005 20040414082507.8
010    @dCNY0.40
091    @a10094.272
100    @a19950623d1981 em y0chiy0121 ea
101 0  @achi
102    @aCN@b610000
105    @af z 000zy
106    @ar
200 10 @a鲁迅小说史大略@Alu xun xiao shuo shi da lue@f鲁迅著
210    @a西安@c陕西人民出版社@d1981
215    @a128页@c照片@d19cm
225 2  @a鲁迅研究丛书
300    @a附:单演义《关于最早油印本〈小说史大略〉讲义的说明》
410  0 @120010@a鲁迅研究丛书
606    @a鲁迅著作-历史著作
606    @a历史著作-鲁迅著作
690    @aI210.91@v3
701  0 @a鲁迅@Alu xun@4著
801  0 @aCN@b上海图书馆@c20040414
801  2 @aCN@bNLC@c20040414
905    @f3@b179439-441@dI210.91@e140
    
    鲁迅小说史大略/鲁迅著.-西安:陕西人民出版社,1981
    128页:照片;19cm.-(鲁迅研究丛书)
    附:单演义《关于最早油印本〈小说史大略〉讲义的说明》
    
    ISBN :CNY0.40
    
●
相关链接 在E读中查询图书 在五车中查询图书 在当当中查询图书 在豆瓣中查询图书


正题名:鲁迅小说史大略     索取号:I210.91/140         预约/预借

序号 登录号 条形码 馆藏地/架位号 状态 备注
1 0179430   001404876   第二借阅区/ [索取号:I210.91/140] 在馆    
2 0179439   001404876   第二借阅区/ [索取号:I210.91/140] 在馆    
3 0179440   001404867   第二借阅区/ [索取号:I210.91/140] 在馆    
4 0179441   001404849   第二借阅区/ [索取号:I210.91/140] 在馆    
5 0179442   001404858   第一样本阅览室/ [索取号:I210.91/140] 在馆    
唐山师范学院图书馆 欢迎您!
大连网信软件有限公司© 版权所有